Регионална библиотека "Любен Каравелов" - Русе

Лице в лице с медиите (Запис номер 55234)

MARC детайли
000 -Лидер
Контролно поле с фиксирана дължина 01999nam a2200409 c 4500
003 - Код на организацията, давaща контролен номер
Контролно поле BLK
005 - Дата и час на последна редакция
Контролно поле 20230112115747.0
008 - Елементи от данни с фиксирана дължина
fixed length control field 180408b bul|||||r ||||||| ||bul||
010 ## - Наследен системен номер
LC control number KNG00059199000
020 ## - Международен стандартен номер на книга ISBN
Международен стандартен номер на книга ISBN 954-01-1676-7
-- издат.: Просвета
040 ## - Източник на каталожния запис
Идентификатор на билиотеката - собственик на записа BLK
041 ## - Код за език
Код за езика на текст/звукозапис или на отделно заглавие Български
Код за езика КДБФ Български
080 ## - УДК
Текстов определител УДК Социално поведение. Социална психология
УДК код - определител по УДК 316.6
УДК определител
УДК - код + определител 316.6
080 ## - УДК
Текстов определител УДК Социология на комуникацията. Социология на средствата за масови комуникации, за масова култура и пропаганда. Аудиовизия(социол. аспекти)
УДК код - определител по УДК 316.77
УДК определител :316.6
УДК - код + определител 316.77:316.6
080 ## - УДК
Текстов определител УДК Интернет. Изчислителни системи. Мултиизчислителни комплекси и многомашинни мрежи
УДК код - определител по УДК 004.738.5
УДК определител :316.6
УДК - код + определител 004.738.5:316.6
100 1# - Редна дума - Автор
Автор Стоицова, Толя Ангелова
Авторска отговорност първи автор
R(LIN) 266046
139 ## - Редно поле
Редна дума Стоицова, Толя Ангелова
Авторски знак Стоин - С 81
245 10 - Сведения за заглавието
Заглавие Лице в лице с медиите
Подзаглавни данни Въвед. в медийната психология
Редно поле (дума) Толя Ангелова Стоицова.
257 ## - Страна на издаване
Страна на създаване/издаване България
260 ## - Област на издателските данни
-- София
Име на издателя, разпространителя и проч. Просвета
Година на издаване 2004
Печатница София : Инвестпрес
300 ## - Физическа характеристика
Страници 291 с.
Илюстрации и др. със сх., табл.
Размери/Мащаб 21 см
380 ## - Жанр
Жанр Обществени науки
500 ## - Общи забележки
Забележка Библиогр. с. 277-288 ; Рез. на англ. ез.
504 ## - Забележка за наличие на библиография и др
Забележка за наличие на библиография и под. 277-288
650 #4 - Допълнително описание по предмет – тема
Основно описание – тема или топоним Комуникации
9 (RLIN) 159087
650 #4 - Допълнително описание по предмет – тема
Основно описание – тема или топоним Средства за масова информация
9 (RLIN) 270560
650 #4 - Допълнително описание по предмет – тема
Основно описание – тема или топоним Интернет - психологични проблеми
9 (RLIN) 286069
653 ## - Ключова дума – ненормативна
Ключова дума социална психология
653 ## - Ключова дума – ненормативна
Ключова дума медии
653 ## - Ключова дума – ненормативна
Ключова дума комуникации
653 ## - Ключова дума – ненормативна
Ключова дума Интернет
852 ## - Местоположение
Форматна сигнатура Цб 227049
856 4# - Електронен адрес и достъп
Електронен формат pdf - файл
Път до файла /url/
856 4# - Електронен адрес и достъп
Електронен формат pdf - файл
Път до файла /url/
942 ## - АРТИКУЛИ
Вид на библиотечния материал Книги
Скрит в OPAC Не
Koha issues (borrowed), all copies 2
944 ## - СЪЗДАВАНЕ И РЕДАКЦИЯ на ЗАПИСА
Създаване/Редакция Създаване
Дата на регистрацията/редакция 05.04.2006
Служител, извършил регистрацията/редакцията Геновева_Генчева
944 ## - СЪЗДАВАНЕ И РЕДАКЦИЯ на ЗАПИСА
Създаване/Редакция Редакция
Дата на регистрацията/редакция 01.06.2006
Служител, извършил регистрацията/редакцията
999 ## - СИСТЕМНИ КОНТРОЛНИ НОМЕРА
Koha biblionumber 55234
Koha biblioitemnumber 55234
Наличности
Код за отписване Код за изгубен артикул Код за повреда Коз за рестрикции Код за отдаване Артикулен № Име на библиотеката - собственик Име на библиотеката, в която се намира в момента Статус (Текущо местоположение) Дата на вписване в системата Местоположение - отдел Цена в лева Инвентарен номер Систематично азбучна сигнатура Баркод Номер на екземпляра Цена в евро Служебна бележка Служебен тип на артикула
  Не е изгубен Не е повреден без рестрикции ползва се в читалня 86952 Регионална библиотека "Любен Каравелов" Русе Регионална библиотека "Любен Каравелов" Русе Хранилище 2006-04-05 Хранилище 6.00 120000701507 Цб 227049 120000701507 1 3.07 Дост: Dp Вид: Д N: 12 Дата: 10.03.2005 Книги
  Не е изгубен Не е повреден без рестрикции ползва се в читалня 86953 Регионална библиотека "Любен Каравелов" Русе Регионална библиотека "Любен Каравелов" Русе Читалня 2006-05-30 Читалня 6.00 120000702572 Ч 316/С 81 120000702572 2 3.07 Дост: Pk Вид: Ф N: 41136 Дата: 29.05.2006 Дата инв: 22.03.2017 Бележки инв: Ч2017 Книги
Vip Innovations Ltd, Rousse, Bulgaria 2025